000 00207 a2200097 4500
001 12595
100 _aMckinney,B
245 _aHardcore Visual Basic
260 _a
_bMicrosoft Press
_c
090 _c9606
_d9606
942 _aNUST-CAE
_cM
_c36496
999 _c247668
_d247668